Visualizzazione normale
Vista MARC
- Heinrich Suso,
di Personal Name
Records bibliografici associati: 1
001 - CONTROL NUMBER
- control field: 69787
003 - CONTROL NUMBER IDENTIFIER
- control field: IT-RoINE
005 - DATE AND TIME OF LATEST TRANSACTION
- control field: 20201203101858.0
008 - FIXED-LENGTH DATA ELEMENTS
- fixed length control field: 201203|| aca||aabn | a|a d
040 ## - CATALOGING SOURCE
- Original cataloging agency: IT-RoINE
- Transcribing agency: IT-RoINE
100 0# - HEADING--PERSONAL NAME
- Personal name: Heinrich Suso,
- Titles and other words associated with a name: Beato,
- Dates associated with a name: 1295-1366
400 0# - SEE FROM TRACING--PERSONAL NAME
- Personal name: Heinrich Seuse,
- Titles and other words associated with a name: Beato,
- Dates associated with a name: 1295-1366
400 0# - SEE FROM TRACING--PERSONAL NAME
- Personal name: Enrique Susón,
- Titles and other words associated with a name: Beato,
- Dates associated with a name: 1295-1366
670 ## - SOURCE DATA FOUND
- Source citation: Work cat.: (IT-RoINE)0: Luis de Granada, O.P., 1504-1588 4160, Meditaciones para cada uno de los días de cinco semanas / , 1926.